Online
Catalog

Destellos históricos de Azua / (Record no. 55539)

MARC details
000 -CABECERA
campo de control de longitud fija 01670nam a2200289 i 4500
003 - IDENTIFICADOR DEL NÚMERO DE CONTROL
campo de control DO-SdBNP
005 - FECHA Y HORA DE LA ÚLTIMA TRANSACCIÓN
campo de control 20231121104759.0
007 - CAMPO FIJO DE DESCRIPCIÓN FÍSICA--INFORMACIÓN GENERAL
campo de control de longitud fija ta
008 - DATOS DE LONGITUD FIJA--INFORMACIÓN GENERAL
campo de control de longitud fija 110413s2011 dr ao 000 j spa d
020 ## - NÚMERO INTERNACIONAL ESTÁNDAR DEL LIBRO
Número Internacional Estándar del Libro 9789945475258
040 ## - FUENTE DE LA CATALOGACIÓN
Centro catalogador/agencia de origen DO-SdBNP
Lengua de catalogación spa
Centro/agencia transcriptor BNPHU
Normas de descripción rda
082 ## - NÚMERO DE LA CLASIFICACIÓN DECIMAL DEWEY
Número de clasificación 972.9372
Número de documento/Ítem N753
Número de edición 22
100 ## - ENTRADA PRINCIPAL--NOMBRE DE PERSONA
Nombre de persona Noboa Bonilla, Eddie R.
9 (RLIN) 83333
Fechas asociadas al nombre 1925-2020
245 10 - MENCIÓN DE TÍTULO
Título Destellos históricos de Azua /
Mención de responsabilidad, etc. Eddie R. Noboa Bonilla ; prólogo Rafael D´Soto Sánchez
264 #1 - PRODUCCIÓN, PUBLICACIÓN, DISTRIBUCIÓN, FABRICACIÓN Y COPYRIGHT
Producción, publicación, distribución, fabricación y copyright Santo Domingo :
Nombre del de productor, editor, distribuidor, fabricante Rumbo Sur,
Fecha de producción, publicación, distribución, fabricación o copyright 2011.
300 ## - DESCRIPCIÓN FÍSICA
Extensión 141 páginas
Otras características físicas ilustraciones, fotografías
Dimensiones 23 cm.
336 ## - TIPO DE CONTENIDO
Fuente rdacontent
Término de tipo de contenido texto
Código de tipo de contenido txt
337 ## - TIPO DE MEDIO
Fuente rdamedia
Nombre/término del tipo de medio sin mediación
Código del tipo de medio n
338 ## - TIPO DE SOPORTE
Fuente rdacarrier
Nombre/término del tipo de soporte volumen
Código del tipo de soporte nc
500 ## - NOTA GENERAL
Nota general Incluye datos biográficos del autor en la solapas.
520 ## - SUMARIO, ETC.
Sumario, etc. Noboa Bonilla entiende que los pueblos evolucionan de acuerdo a sus posibilidades naturales y por el perfeccionamiento de sus habitantes, en lo cultural, político y social que las circunstancias demandan de ellos. El autor logra palmariamente plasmar su idea en Destellos históricos de Azua, progenie literaria de carácter histórico. <br/>Resulta increíblemente abarcadora la cobertura de este libro: desde la vivencia de nuestra raza primigenia antes de la colonización hasta tiempos recientes, cosa que lo convierte, sin dudas, en un texto a consultar cada vez que se haga necesario conocer de modo intrínseco la riquísima historia de esa legendaria provincia nuestra.
590 ## - NOTA LOCAL (RLIN)
Nota local Inventariado, 2023/ YL
651 ## - PUNTO DE ACCESO ADICIONAL DE MATERIA--NOMBRE GEOGRÁFICO
Nombre geográfico Azua (República Dominicana)
Subdivisión general Historia
9 (RLIN) 84655
700 1# - PUNTO DE ACCESO ADICIONAL--NOMBRE DE PERSONA
Nombre de persona D´Soto Sánchez, Rafael Guaroa
Término indicativo de función/relación prólogo
9 (RLIN) 84653
910 ## - DATOS DE OPCIÓN DEL USUARIO (OCLC)
Datos de opción del usuario YLockward
942 ## - ELEMENTOS DE PUNTO DE ACCESO ADICIONAL (KOHA)
Fuente del sistema de clasificación o colocación Dewey Decimal Classification
Tipo de ítem Koha Libro
Holdings
Estado de retiro Estado de pérdida Fuente del sistema de clasificación o colocación Restricciones de uso No para préstamo Código de colección Localización permanente Ubicación/localización actual Ubicación en estantería Fecha de adquisición Fuente de adquisición Total de préstamos Signatura topográfica completa Código de barras Fecha visto por última vez Precio válido a partir de Tipo de ítem Koha
    Dewey Decimal Classification Excluido de préstamo   Patrimonio Dominicano Biblioteca Nacional Pedro Henríquez Ureña Biblioteca Nacional Pedro Henríquez Ureña En catalogación 15.08.2023 Isabel Medina   BNPHU PD 972.9372 N753 2023-7919 21.11.2023 21.11.2023 Libro

Powered by Koha